000 00766nam a2200217 i 4500
001 39965
003 ES-MaACL
005 20250805063237.0
007 t|
008 030304s1956 sp ||||1| spa d
100 1 _aCarr, John Dickson,
_d1906-1977
_935468
245 1 4 _aLos anteojos negros o El caso del asesinato del psicólogo /
_cJohn Dickson Carr ; traducción de Marta Acosta van Praet.
260 _aBarcelona :
_bE.D.H.A.S.A.,
_c[1956] (
_fVda. de Manuel Ponsa)
300 _a272 p. ;
_c18 cm.
490 1 _aEl séptimo círculo
700 1 _aAcosta van Praet, Marta.
_918322
740 3 _aEl caso del asesinato del psicólogo.
830 0 _aEl séptimo círculo
_9181830
852 _aES-MaACL
_jC-11619
_bR.39665
999 _c39965
_d39965